000 00301nam a2200109Ia 4500
008 220204s9999 xx 000 0 und d
082 _a061.6(058)(100)
_bWOR
245 0 _aWorld guide to scientific associations and learned societies
250 _aEd.6
260 _aLondon
_bK G Saur
_c1994
942 _cBK
999 _c40834
_d40834